| 000 | 00446 a2200109 4500 | ||
|---|---|---|---|
| 001 | ART_10771 | ||
| 005 | 20260410161854.0 | ||
| 008 | 260409a | ||
| 245 | 1 | 0 | _aAcerca de la regulación de los derechos personalísimos en el Proyecto de unificación del Código Civil y Comercial |
| 100 | 1 | _aSaltzer, Anderson | |
| 773 | 0 |
_tDerecho privado _gReforma del Código Civil I. Aspectos generales - Año I, Nº 2 (sep. 2012) _wREV10455 |
|
| 999 |
_c25299 _d25299 |
||